000 00683nam a2200181Ia 4500
008 090630s9999 xx 000 0 und d
082 _b28680
100 _aभावे अनंत.
245 _aगारगोटी झाली आकाशचांदणी.
_cभावे अनंत.
260 _bस्पर्श - रत्नागिरी.
_c2004
300 _a20
600 _aभावे अनंत.
630 _aगारगोटी झाली आकाशचांदणी.
655 _aकाव्य.
700 _aभावे अनंत.
730 _aगारगोटी झाली आकाशचांदणी.
942 _cBOOK
999 _c280536
_d280536